Kerdjakanlah kewadjibanmu : (Record no. 60756)
[ view plain ]
| 000 -LEADER | |
|---|---|
| fixed length control field | 00655cam a22002051 4500 |
| 001 - CONTROL NUMBER | |
| control field | sa 64008220 |
| 003 - CONTROL NUMBER IDENTIFIER | |
| control field | DLC |
| 005 - DATE AND TIME OF LATEST TRANSACTION | |
| control field | 20260227112053.0 |
| 008 - FIXED-LENGTH DATA ELEMENTS--GENERAL INFORMATION | |
| fixed length control field | 850422s1962 io f000 0 ind |
| 010 ## - LIBRARY OF CONGRESS CONTROL NUMBER | |
| LC control number | sa 64008220 |
| 035 ## - SYSTEM CONTROL NUMBER | |
| System control number | (OCoLC)11949529 |
| 040 ## - CATALOGING SOURCE | |
| Original cataloging agency | DLC |
| Transcribing agency | IDeKN |
| Modifying agency | DLC |
| 042 ## - AUTHENTICATION CODE | |
| Authentication code | premarc |
| 050 00 - LIBRARY OF CONGRESS CALL NUMBER | |
| Classification number | DS644.2 1962 |
| Item number | .S937 |
| 100 0# - MAIN ENTRY--PERSONAL NAME | |
| Personal name | Soekarno, |
| Dates associated with a name | 1901-1970. |
| 245 10 - TITLE STATEMENT | |
| Title | Kerdjakanlah kewadjibanmu : |
| Remainder of title | amanat pada malam peringatan Mir̓adj Nabi Muhammad s.a.w. di Istana Negara Djakarta tanggal 2 Djanuari 1962. |
| 260 ## - PUBLICATION, DISTRIBUTION, ETC. | |
| Place of publication, distribution, etc. | Djakarta : |
| Name of publisher, distributor, etc. | Departemen Penerangan, |
| Date of publication, distribution, etc. | 1962. |
| 300 ## - PHYSICAL DESCRIPTION | |
| Extent | 20 p. ; |
| Dimensions | 21 cm. |
| 440 #0 - SERIES STATEMENT/ADDED ENTRY--TITLE | |
| Title | Penerbitan chusus; |
| Volume/sequential designation | 195 |
No items available.